Loki quote quiz !! - Statistics

General Stats
  • This quiz has been taken 373 times
  • The average score is 8 of 12
Answer Stats
Hint Answer % Correct
I am Loki, of Asgard, and I am burdened with ______ ______. glorious purpose
93%
Enough! You are, all of you are beneath me! I am a ___, you dull creature, and I will not be bullied by... god
87%
Well done! You just decapitated your _______. grandfather
84%
What, because I... I... I am the _____ parents tell their children about at night? monster
84%
____ before me. I said, ____! Kneel
78%
I only ask for one thing in return; a good seat from which to watch _____ burn! asgard
76%
You might want to take the stairs to the ____. left
72%
Give or take ____ thousand years. five
65%
This is MY bargain, you _____ ___! mewling quim
58%
What did it show you, Agent _____? barton
48%
You need the cube to bring me home, but I've sent it off, _ ____ ___ _____! I know not where
42%
[deadpan] T__-D__. [ship crashes] tah dah
16%
No matching quizzes found
Score Distribution
Percent of People with Each Score
Percentile by Number Answered
Your Score History
You have not taken this quiz